| 000 | 00000nam##2200000za#4500 |
| 001 | 9.666523 |
| 003 | CaOODSP |
| 005 | 20210929082800 |
| 007 | co ||||||||||| |
| 008 | 150407|2005||||xxc |q d f### # eng|d |
| 020 | |a0-662-69050-8 |
| 040 | |aCaOODSP|beng |
| 041 | |aeng |
| 041 | |afre |
| 043 | |an-cn--- |
| 086 | 1 |aFo42-327/2005-MRC |
| 110 | 1 |aCanada. |bNatural Resources Canada. |bCanadian Forest Service. |
| 245 | 10|aFirst Nations Forestry Program success stories |h[electronic resource] |
| 260 | |aOttawa - Ontario : |bNatural Resources Canada. |c2005. |
| 300 | |a1 disc. |
| 500 | |aIncluded with print edition (Fo42-327/2005E). |
| 520 | 3 |aThe First Nations Forestry Program projects reported on in this compendium represent First Nations accomplishments in various forest-related activities across Canada. Each project has qualities that make it unique in its own right. Most importantly, they provide examples of specific activities that may be of value to First Nations who wish to develop similar projects or who wish to gain some insight into forest-related endeavors and opportunities. Each story provides the name of a contact person for those interested in following up for further information. |
| 590 | |a06-11|b2006-03-17 |
| 690 | 07|aFederal programs|2gcpds |
| 776 | 0#|tFirst Nations Forestry Program success stories |w(CaOODSP)9.649718 |
| 776 | 0#|tProgramme Forestier des Premières nations exemples de succès |w(CaOODSP)9.682880 |
| 792 | |tProgramme Forestier des Premières nations - exemples de succès |efre|w(CaOODSP)9.666524 |